| 000 -LEADER | |
|---|---|
| fixed length control field | 00405nam a22001697a 4500 |
| 005 - DATE AND TIME OF LATEST TRANSACTION | |
| control field | 20160623163230.0 |
| 008 - FIXED-LENGTH DATA ELEMENTS--GENERAL INFORMATION | |
| fixed length control field | 160623b xxu||||| |||| 00| 0 eng d |
| 020 ## - INTERNATIONAL STANDARD BOOK NUMBER | |
| ISBN | 978-81-203-4112-8 |
| 041 ## - LANGUAGE CODE | |
| Language code of text/sound track or separate title | eng |
| 082 ## - DEWEY DECIMAL CLASSIFICATION NUMBER | |
| Item number | 9445 |
| 100 ## - MAIN ENTRY--AUTHOR NAME | |
| Personal name | Venkanna, B.K. and B.V. Swati |
| 245 ## - TITLE STATEMENT | |
| Title | Basic Thermodynamics |
| 260 ## - PUBLICATION, DISTRIBUTION, ETC. (IMPRINT) | |
| Name of publisher | PHI |
| Year of publication | 2011 |
| 300 ## - PHYSICAL DESCRIPTION | |
| Number of Pages | 509 |
| 650 ## - SUBJECT ADDED ENTRY--TOPICAL TERM | |
| Topical Term | Diploma Engineering |
| 942 ## - ADDED ENTRY ELEMENTS (KOHA) | |
| Koha item type | Books |
| Lost status | Damaged status | Collection code | Home library | Current library | Shelving location | Date acquired | Cost, normal purchase price | Full call number | Accession Number | Koha item type |
|---|---|---|---|---|---|---|---|---|---|---|
| MINING | JRU Library | JRU Library | SHELF-58-B | 23/06/2016 | 350.00 | 9445 | 9445 | Books | ||
| MINING | JRU Library | JRU Library | SHELF-58-B | 23/06/2016 | 350.00 | 9445 | 9446 | Books | ||
| MINING | JRU Library | JRU Library | SHELF-58-B | 23/06/2016 | 350.00 | 9445 | 9447 | Books | ||
| JRU Library | SHELF-37-N | 23/06/2016 | 350.00 | 9445 | 9448 | Books | ||||
| MINING | JRU Library | JRU Library | SHELF-58-B | 23/06/2016 | 350.00 | 9445 | 9449 | Books |